000 00339nam a2200133Ia 4500
005 20260326100026.0
008 260326s9999||||xx |||||||||||||| ||und||
100 _aGutiérrez, Ramón
245 0 _aArquitectura Colonial Argentina /
_cRamón Gutiérrez
260 _bEra
300 _a143 p.
650 _aARQUITECTURA COLONIAL
942 _cBK
999 _c6392
_d6392